[Event "Tata Steel Challengers"]
[Site "Wijk aan Zee NED"]
[Date "2023.01.14"]
[Round "1.1"]
[White "Tabatabaei, M."]
[Black "Adhiban, Baskaran"]
[Result "1/2-1/2"]
[WhiteElo "2686"]
[BlackElo "2610"]
[PlyCount "134"]
[EventDate "2023.01.14"]

1. d4 {Stockfish 16.1} d5 2. c4 e6 3. cxd5 exd5 4. Nc3 c6 5. Bf4 Bd6 6. Bxd6 Qxd6 7. e3 Nf6 8. Bd3 O-O 9. h3 Re8 10. Qc2 ({RR} 10. Nf3 Nbd7 11. Qc2 Qe7 12. O-O Ne4 13. b4 Ndf6 14. b5 c5 15. dxc5 Nxc5 16. Rac1 Nxd3 17. Qxd3 Be6 18. Nd4 Rac8 19. Nce2 Bd7 20. Nf4 h6 21. Qb3 Qd6 22. Rfd1 Red8 23. Nde2 Be6 24. Nd4 Bd7) ({RR} 10. Nf3 Nbd7 11. Qc2 Qe7 12. O-O Ne4 13. b4 Ndf6 14. b5 c5 15. dxc5 Nxc5 16. Rac1 Nxd3 17. Qxd3 Be6 18. Nd4 Rac8 19. Nce2 Bd7 20. Nf4 h6 21. Qb3 Qd6 22. Rfd1 Red8 23. Nde2 Be6 24. Nd4 Bd7 {Sarana,A (2668)-Duda,J (2729) Almaty KAZ 2022 ½-½}) 10... b6 ({RR} 10... Be6 11. Nf3 Nbd7 12. O-O h6 13. Rae1 Rad8 14. Kh1 a6 15. Ng1 Nf8 16. a3 Bc8) ({RR} 10... a5 11. Nf3 Be6 12. O-O h6 13. Ne5 Nfd7 14. f4 Nxe5 15. fxe5 Qe7 16. Rf4 c5 17. Qf2 Nc6 18. Rf1 cxd4 19. exd4 Rf8 20. Bb1 f5 21. exf6 Rxf6 22. Qc2 Kf8 23. Rxf6+ gxf6 24. Qg6 Bf7 25. Qxh6+ {Sevian,S (2688)-Golis,W (2311) chess.com INT 2026 1-0 (41)}) ({RR} 10... Nbd7 11. Nf3 Qe7 12. Nd2 c5 13. O-O b6 14. Nb5 Nf8 15. Rac1 c4 16. Be2 a6 17. Nc3 b5 18. Bf3 Bb7 19. a3 Ne6 20. g3 Rac8 21. Rfe1 Qd7 22. Bg2 h5 23. Nf3 Qd6 24. Ne5 Nf8 25. f4 {Tabatabaei,M (2681)-Stanojevic,I (2194) chess.com INT 2025 1-0 (39)}) 11. Rc1 $146 ({RR} 11. Nf3 Ba6 12. Ne5 ({RR} 12. O-O Bxd3 13. Qxd3 Nbd7 14. Rac1 Ne4 15. Rc2 Nxc3 16. Rxc3 c5 17. dxc5 bxc5 18. Rd1) 12... Bxd3 13. Qxd3 Nbd7 14. f4 Ne4 ({RR} 14... b5 15. O-O a6 16. Rac1 Rac8 17. Rfd1 h6 18. Ne2 c5 19. dxc5 Rxc5 20. Rxc5) 15. Nxe4 dxe4 16. Qc4 Nxe5 17. dxe5 Qd5 18. Qxd5 cxd5 19. Rd1 Red8 20. Rd2 g6 ({RR} 20... Kf8) 21. Ke2 ({RR} 21. Kf2) 21... Rac8 22. Rhd1 Rc5 23. g4 Kf8 24. Kf2 Ke7 25. f5 a5 {Santos Filho,T (1992)-De Moura Silva,G (1916) Rio de Janeiro 2024 [Stockfish 16.1] 1-0 (34)} ({RR} 25... gxf5 26. b4 Rc4 ({RR} 26... Rc6 27. gxf5 Rh6 28. Kg3 Rg8+ 29. Kh2 Rg5 30. Rxd5 Rxf5 31. Rd7+))) 11... c5 12. dxc5 bxc5 13. Nb5 Qd8 ({RR} 13... Qa6 14. Qxc5 Bd7) 14. Qxc5 Na6 ({RR} 14... Nbd7 15. Qa3 Ne5) 15. Qa3 d4 16. Nf3 ({RR} 16. Rd1) 16... dxe3 17. O-O exf2+ 18. Rxf2 Qb6 19. Nd6 Rd8 20. Nxf7 Rxd3 21. Qxd3 Nb4 22. Qd8+ ({RR} 22. Qd6 Qxf2+ 23. Kxf2 Ne4+ 24. Ke3 Nxd6 25. Nxd6) 22... Qxd8 23. Nxd8 Nd3 24. Rc7 Nxf2 25. Kxf2 Nd5 26. Rc5 Nb4 27. Ne5 Bxh3 28. Ndc6 Nxc6 29. Rxc6 Re8 30. Rc5 Be6 31. a3 Bb3 32. Nc6 a6 33. Nd4 Rb8 34. Ke3 h5 35. g3 Bf7 36. b4 Re8+ 37. Kf4 Bg6 38. Re5 Rxe5 39. Kxe5 Be8 40. Kf5 Kf7 41. Kg5 g6 42. Nb3 Ke7 43. Nc5 a5 44. bxa5 Kd6 45. Ne4+ Kc6 46. Kf6 Kc7 47. Nc5 Kc6 48. Na6 Kb7 49. Nc5+ Kc6 50. Ne4 Kc7 51. Nc3 Kb7 52. Nd5 Bc6 53. Ne7 Bf3 54. Nxg6 Ka6 55. Ne5 Be2 56. Nc6 Bf3 57. Nd4 Bd1 58. Ne6 Kxa5 59. Nc5 Bc2 60. Ke5 Kb5 61. Kd4 Bf5 62. Kd5 Bg4 63. Kd6 Bf3 64. Nd3 Ka4 65. Nf4 Kxa3 66. Nxh5 Bxh5 67. g4 Bxg4 1/2-1/2

[Event "Titled Tue 13th Jan 2026"]
[Site "chess.com INT"]
[Date "2026.01.13"]
[Round "7"]
[White "Deac, Bogdan-Daniel"]
[Black "Nakamura, Hi"]
[Result "0-1"]
[WhiteElo "2652"]
[BlackElo "2810"]
[PlyCount "130"]
[EventDate "2026.01.13"]

1. d4 d5 2. c4 e6 3. Nf3 a6 4. Bg5 Be7 5. Bxe7 Nxe7 6. Nbd2 O-O 7. g3 b6 8. Bg2 Bb7 9. O-O Nd7 10. Rc1 c5 11. cxd5 Nxd5 12. Nc4 N5f6 $146 ({RR} 12... Qc7 13. dxc5 Nxc5 14. Qd4 Rac8 15. Qe5 Qxe5 16. Nfxe5 f6 17. Nf3 Rcd8 18. Nxb6 Nd3 19. exd3 Nxb6 20. Rc7 Bxf3 21. Bxf3 Rxd3 22. Rc6 Rxf3 23. Rxb6 Rc8 24. Rxa6 Rc2 25. Rb6 Rd3 26. a4 Rdd2 27. a5 {Kempinski,R (2541)-Kusa,J (2360) Czech Republic CZE 2023 1-0 (50)}) ({RR} 12... Qe7 13. e4 b5 14. Na5 N7f6 15. Nxb7 Nxe4 16. Nxc5 Nxc5 17. dxc5 Rfd8 18. Qe2 Rac8 19. Ne5 Qf6 20. c6 Qf5 21. Be4 Qg5 22. h4 Qe7 23. Rfd1 {1-0 (23) Artemiev,V (2641)-Lai,D (2130) chess.com INT 2026}) ({RR} 12... Qe7 13. e4 N5f6 14. e5 Nd5 15. Nd6 Rab8 16. Nxb7 Rxb7 17. Re1 h6 18. a3 Rd8 19. Nd2 cxd4 20. Bxd5 exd5 21. Nf3 Nc5 22. Nxd4 Qd7 23. b4 Ne6 24. Nf5 Rc7 25. Qg4 Rxc1 26. Rxc1 Kh8 27. Rd1 {Alonso Rosell,A (2570)-Salgado Lopez,I (2591) chess.com INT 2023 1-0 (40)}) 13. dxc5 bxc5 14. Qc2 Be4 15. Qc3 Nd5 16. Qa3 Qb8 17. Nfe5 Nxe5 18. Bxe4 Nd7 19. Rfd1 N7f6 20. Bf3 Qa7 21. e4 Nb4 22. Qa4 Rac8 23. e5 Nfd5 24. a3 Nc6 25. Bxd5 exd5 26. Nd6 Rc7 27. Rxd5 Nd4 28. Qc4 Re7 29. Qxc5 Ne2+ 30. Kf1 Nxc1 31. Qxc1 Qa8 32. Qd2 f6 33. exf6 Rxf6 34. Nf5 Re8 35. Qg5 Qa7 36. Qg4 Kh8 37. Qd4 Qb7 38. f3 h6 39. g4 Qb3 40. Kf2 Qc2+ 41. Kg3 Re2 42. Rd8+ Kh7 43. Rd7 Rg2+ 44. Kh3 Rxh2+ 45. Kg3 Qg2+ 46. Kf4 Rxf5+ 47. Kxf5 Qxf3+ 48. Ke6 Qc6+ 49. Kf5 Qg6+ 50. Kf4 Rg2 51. Kf3 Rc2 52. Qd3 Qxd3+ 53. Rxd3 Rxb2 54. g5 hxg5 55. Kg4 Kh6 56. Rd6+ g6 57. Rxa6 Rb3 58. Ra5 Rc3 59. a4 Rc4+ 60. Kg3 Kh5 61. Ra8 Rc3+ 62. Kf2 Kg4 63. a5 Ra3 64. a6 Ra2+ 65. Ke3 Kg3 0-1

[Event "Hoogovens"]
[Site "Wijk aan Zee"]
[Date "1988.01.20"]
[Round "10"]
[White "Karpov, Anatoly"]
[Black "Ljubojevic, Ljubomir"]
[Result "1-0"]
[WhiteElo "2715"]
[BlackElo "2610"]
[PlyCount "125"]
[EventDate "1988.01.08"]
[EventType "tourn"]
[EventRounds "13"]
[EventCountry "NED"]
[EventCategory "13"]
[SourceTitle "CBM 005"]
[Source "ChessBase"]
[SourceDate "1988.08.01"]
[SourceVersion "1"]
[SourceVersionDate "1988.08.01"]
[SourceQuality "1"]

1. d4 Nf6 2. c4 e6 3. Nf3 d5 4. Bg5 Nbd7 5. e3 c6 6. Nbd2 Be7 7. Bd3 O-O 8. O-O b6 9. cxd5 ({RR} 9. Qc2 Bb7 10. Rfd1 h6 11. Bh4 c5 12. Bf1 Rc8 13. dxc5 Nxc5 14. Rac1 Nfe4 15. Bxe7 Qxe7 16. cxd5 exd5 17. Qb1 Rfe8 18. Nxe4 dxe4 19. Nd4 Qg5 20. Nb5 Nd3 21. Rxc8 Rxc8 22. Nd6 Rc7 23. Nxb7 Rxb7 {Bu,X (2714)-Korobov,A (2605) Beijing 2008 1-0 (44)}) ({RR} 9. Qe2 Bb7 10. Rac1 c5 11. Rfd1 a6 12. Bb1 cxd4 13. Nxd4 Rc8 14. cxd5 Rxc1 15. Rxc1 Nxd5 16. Bxe7 Qxe7 17. e4 Nf4 18. Qe3 Qd6 {½-½ (18) Smyslov,V (2545)-Ljubojevic,L (2605) Amsterdam 1981}) 9... cxd5 10. Rc1 Bb7 11. Qa4 $146 ({RR} 11. Qe2 a6 12. Rc2 Bd6 13. e4 dxe4 14. Nxe4 Be7 15. Ne5 Nd5 16. Nd6 Bxg5 17. Nxb7 Qe7 18. Nc6 Qf6 19. Bxa6 Nb8 20. Bb5 Rxa2 21. Ne5 Qe7 22. Bc4 Ra7 23. Qg4 Rxb7 24. h4 Bxh4 25. Re2 Rd8 {Lindahl,E (2180)-Seo,J (2409) Lund 2019 0-1 (32)}) ({RR} 11. Qc2 h6 12. Bf4 Ne8 13. Ne5 Nxe5 14. dxe5 a6 15. Nf3 Rc8 16. Qe2 b5 17. Nd4 Rxc1 18. Rxc1 Bg5 19. Bg3 Bh4 20. Bxh4 Qxh4 21. Qc2 Qe7 22. Qc5 Qxc5 23. Rxc5 g6 24. f4 Kg7 25. g4 Rg8 {Sorensen,H (2445)-Payen,A (2286) Cappelle la Grande FRA 2023 1-0 (42)}) 11... a6 12. Qb3 Bd6 13. Rc3 h6 14. Bh4 Qb8 15. Bxf6 gxf6 16. Rfc1 f5 17. Nf1 Qd8 18. Ng3 Qe7 19. Nh5 Rfc8 20. a4 Kf8 21. g3 Bb4 22. R3c2 Rxc2 23. Qxc2 Bd6 24. Qe2 Bb8 25. Rc3 Ke8 26. Nh4 Qb4 27. Qc2 Kd8 28. Be2 Ba7 29. Nf4 Nf6 30. Nd3 Qe7 31. Ne5 Ne4 32. Rc6 f6 33. Nhg6 Qe8 34. Rc7 fxe5 35. Rxb7 Rc8 36. Qb3 Rc7 37. Rxc7 Kxc7 38. Nxe5 Kb7 39. Nd3 a5 40. f3 Nd6 41. Ne5 Bb8 42. Qc2 Qc8 43. Qxc8+ Kxc8 44. Ba6+ Kd8 45. Nc6+ Kd7 46. Nxb8+ Kc7 47. g4 Kxb8 48. Kf2 Kc7 49. Bd3 fxg4 50. fxg4 Kd7 51. Kf3 Ke7 52. Kf4 Kf6 53. h4 Nf7 54. Bb1 Nd8 55. g5+ hxg5+ 56. hxg5+ Ke7 57. g6 Kf6 58. g7 Kxg7 59. Ke5 Kf7 60. Kd6 Kf6 61. Kc7 Nf7 62. Kxb6 Nd6 63. b3 1-0

[Event "Titograd"]
[Site "Titograd"]
[Date "1984.12.23"]
[Round "11"]
[White "Tal, Mihail"]
[Black "Kortschnoj, Viktor Lvovich"]
[Result "0-1"]
[WhiteElo "2620"]
[BlackElo "2635"]
[PlyCount "124"]
[EventDate "1984.12.10"]
[EventType "tourn"]
[EventRounds "11"]
[EventCountry "YUG"]
[EventCategory "12"]
[SourceTitle "MCD"]
[Source "ChessBase"]
[SourceDate "1999.07.01"]
[SourceVersion "1"]
[SourceVersionDate "1999.07.01"]
[SourceQuality "1"]

1. Nf3 c5 2. c4 Nf6 3. g3 e6 4. Bg2 Be7 5. d4 d5 6. cxd5 exd5 7. O-O O-O 8. b3 Nc6 9. Bb2 Ne4 10. dxc5 Bxc5 11. Nc3 Nxc3 12. Bxc3 d4 13. Bb2 Re8 14. Rc1 Bb6 15. Qd2 ({RR} 15. a3 a5 16. Qd3 Bg4 17. Qb5 Na7 18. Qd3 Nc6 19. Rfe1 Qd7 20. Qb5 Ba7 21. Nd2 Re5 22. Qd3 Rae8 23. Bf3 Bf5 24. Qc4 h6 25. b4 axb4 26. axb4 Be6 27. Bxc6 bxc6 28. Qxc6 Qxc6 29. Rxc6 Bh3 {Anton Guijarro,D (2690)-Firouzja,A (2785) chess.com INT 2023 0-1}) 15... Bg4 16. h3 ({RR} 16. Rfd1 Qe7 17. Qf4 Qxe2 18. Bxd4 Bxf3 19. Bxf3 Nxd4 20. Rxd4 Qxa2 21. Rd2 Qa3 22. Rd7 Re7 23. Rcd1 Rae8 24. Bxb7 g6 25. Qf3 Rxd7 26. Rxd7 Re7 27. Rxe7 Qxe7 28. Bd5 Kg7 29. Kg2 Qf6 30. Qe2 Qd4 {Le,Q (2731)-Hamidov,A (2239) chess.com INT 2026 ½-½ (97)}) 16... Bh5 17. Rfd1 Rc8 $146 ({RR} 17... Qe7 18. g4 Bg6 19. Nxd4 Nxd4 20. Bxd4 Rad8 21. e3 h5 22. Qc3 hxg4 23. hxg4 Qg5 24. Bxg7 Qxg4 25. Rxd8 Rxd8 26. Be5 Re8 27. Bf4 Bf5 28. Qf6 Bd8 29. Qh6 Re6 30. Qh2 Rg6 31. Bg3 Qe2 32. Bf1 {Sipila,V (2439)-Vakhlamov,I (2413) chess.com INT 2024 1-0 (37)}) ({RR} 17... h6 18. b4 a6 19. a4 Qd7 20. g4 Bg6 21. b5 axb5 22. axb5 Na5 23. Nxd4 Bxd4 24. Qxd4 Qxd4 25. Bxd4 Nb3 26. Rc7 Nxd4 27. Rxd4 Rxe2 28. Bxb7 Ra1+ 29. Kg2 Rb1 30. Bc6 Rbb2 31. Rf4 Rec2 32. Re7 {Schoorl,R (2273)-Golubovic,E (2183) chess.com INT 2025 ½-½ (38)}) 18. g4 Bg6 19. Nxd4 Nxd4 20. Bxd4 Bxd4 21. Rxc8 Bxf2+ 22. Kxf2 Qxc8 23. Bf3 h6 24. Qd7 Qc5+ 25. Qd4 Qc7 26. Qd6 Qc3 27. Qf4 Qc5+ 28. Qd4 Qa5 29. Qd5 Qxa2 30. Qxb7 Qc2 31. Qb5 Re6 32. Rd8+ Kh7 33. Qc4 Rb6 34. Rd7 a5 35. Rd5 Qb2 36. Rb5 Rxb5 37. Qxb5 Qc3 38. Qd5 Qb4 39. Qb7 Qd4+ 40. Kg2 f6 41. Qb5 Qe5 42. Qxe5 fxe5 43. Bd5 Be8 44. Be4+ Kg8 45. Bd5+ Kf8 46. Kf3 Ke7 47. h4 Kd6 48. Bg8 Bc6+ 49. Ke3 g5 50. hxg5 hxg5 51. Bc4 Bb7 52. Bf7 Bc8 53. Kf3 Kc5 54. e3 Bb7+ 55. Ke2 Ba6+ 56. Kd2 Bc8 57. Bh5 Kb4 58. Kd3 Be6 59. Ke4 Bxb3 60. Be8 Ba4 61. Bf7 Bc2+ 62. Kxe5 a4 0-1

[Event "Titled Tue 3rd Feb 2026"]
[Site "chess.com INT"]
[Date "2026.02.03"]
[Round "9"]
[White "Erigaisi, Arjun"]
[Black "Deac, Bogdan-Daniel"]
[Result "1-0"]
[WhiteElo "2775"]
[BlackElo "2652"]
[PlyCount "121"]
[EventDate "2026.02.03"]

1. d4 d5 2. c4 e6 3. Nf3 Nf6 4. e3 a6 5. b3 c5 6. cxd5 Nxd5 ({RR} 6... exd5 7. Be2 cxd4 8. Nxd4 Bb4+ 9. Bd2 Bc5 10. O-O O-O 11. Bc3 Nc6 12. Nxc6 bxc6 13. Nd2 Qe7 14. Qc2 Bd6 15. Rac1 Bd7 16. Bd4 a5 17. Bc5 a4 18. b4 a3 19. Rb1 Bxc5 20. bxc5 d4 21. Nc4 {Liu,Y (2401)-Premshankar B U (2215) Ulaanbaatar MGL 2026 1-0 (45)}) ({RR} 6... exd5 7. Bb2 Nc6 8. Nc3 Bg4 9. Be2 Bxf3 10. Bxf3 cxd4 11. exd4 Be7 12. O-O O-O 13. a3 Re8 14. Re1 Qd7 15. g3 Bf8 16. Qd3 g6 17. b4 h5 18. h4 Bg7 19. Kg2 Ne4 20. Nxd5 Qxd5 21. Rxe4 {Deac,B (2707)-Kanter,E (2367) chess.com INT 2022 1-0}) 7. dxc5 ({RR} 7. Be2 Nc6 8. O-O cxd4 9. Nxd4 Nxd4 10. Qxd4 Be7 11. Bb2 Bf6 12. Qd2 Bd7 13. Rd1 Bc6 14. e4 Nf4 15. Qxd8+ Rxd8 16. Rxd8+ Bxd8 17. Bf1 Bxe4 18. Nd2 Bc6 19. g3 Bf6 20. Bxf6 gxf6 21. Rc1 Kd7 {Fressinet,L (2687)-Carlsen,M (2855) Paris 2016 ½-½ (71)}) 7... Bxc5 8. Bb2 O-O 9. a3 $146 ({RR} 9. Nbd2 Be7 10. Rc1 Bd7 11. e4 Nf6 12. Bc4 Bc6 13. Qe2 Qa5 14. a3 Bxe4 15. b4 Qf5 16. Nh4 Qg4 17. Qxg4 Nxg4 18. Nxe4 Bxh4 19. Be2 Nf6 20. Nd6 Bg5 21. Rc5 Nd5 22. Nxb7 Nd7 23. Rc4 Rfc8 {Olszewski,M (2551)-Volokitin,A (2623) Germany 2018 ½-½}) 9... Be7 10. e4 Nf4 11. Nc3 Qxd1+ 12. Rxd1 Nc6 13. Na4 b5 14. Nb6 Rb8 15. Nxc8 Rfxc8 16. g3 Ng6 17. Bd3 Bf6 18. Bxf6 gxf6 19. Kd2 Nge5 20. Nxe5 fxe5 21. Rc1 Nd4 22. Rxc8+ Rxc8 23. Rb1 a5 24. b4 axb4 25. Rxb4 Ra8 26. Bxb5 Rxa3 27. Bc4 Rf3 28. Rb8+ Kg7 29. Ke1 Rc3 30. Rc8 Rc1+ 31. Kd2 Nb3+ 32. Kd3 Kf6 33. f4 exf4 34. gxf4 h6 35. e5+ Kg6 36. Ra8 Nc5+ 37. Kd4 Nd7 38. Bd3+ Kg7 39. Ra6 Nc5 40. Ra2 Rd1 41. Rg2+ Kf8 42. Kxc5 Rxd3 43. Rf2 Rd5+ 44. Kc4 Kg7 45. Rg2+ Kh7 46. Kc3 Rd1 47. Rg4 h5 48. Rg5 Kh6 49. Rg8 Rf1 50. Kd4 Rxf4+ 51. Kc5 Rg4 52. Rh8+ Kg6 53. Kd6 Rf4 54. Rg8+ Kh7 55. Rg2 Rf5 56. Ke7 Kh6 57. Re2 Kg5 58. Kd6 Kf4 59. Rf2+ Ke4 60. Ra2 Kf3 61. Rb2 1-0

[Event "Chess.com Classic Winners"]
[Site "chess.com INT"]
[Date "2025.05.20"]
[Round "1.3"]
[White "Nakamura, Hi"]
[Black "Aronian, L."]
[Result "1/2-1/2"]
[WhiteElo "2804"]
[BlackElo "2747"]
[PlyCount "122"]
[EventDate "2025.05.20"]
[EventType "k.o."]

1. d4 d5 2. c4 e6 3. Nf3 Nf6 4. e3 b6 5. Nc3 Bd6 6. cxd5 exd5 7. Bd3 ({RR} 7. Bb5+ c6 8. Bd3 O-O 9. Qc2 Re8 10. O-O Ba6 11. Bxa6 Nxa6 12. Qa4 Qc8 13. Bd2 Qb7 14. Rac1 Rad8 15. Rfd1 h6 16. a3 Nc7 17. Ne2 c5 18. dxc5 bxc5 19. Qc2 d4 20. Ng3 Ne6 21. Nf5 Bf8 {Nakamura,H (2804)-Aronian,L (2747) chess.com INT 2025 ½-½ (50)}) ({RR} 7. Ne5 O-O 8. Be2 c5 9. O-O Bb7 10. Bf3 Re8 11. Nd3 c4 12. Ne1 a6 13. b3 Qc7 14. bxc4 dxc4 15. Bxb7 Qxb7 16. f3 b5 17. e4 Nc6 18. e5 Bb4 19. Nxb5 axb5 20. exf6 Rad8 21. Nc2 Bc3 {Do,H (1968)-Moussard,J (2613) chess.com INT 2026 0-1 (36)}) ({RR} 7. Bb5+ c6 8. Bd3 O-O 9. O-O Re8 10. Qc2 Ba6 11. b3 Bxd3 12. Qxd3 Nbd7 13. Bb2 Ne4 14. Rac1 Rc8 15. Rc2 Ndf6 16. Rfc1 Qe7 17. Qd1 Qe6 18. Nxe4 dxe4 19. d5 cxd5 20. Nd4 Qd7 21. Nc6 Bc5 {Nakamura,H (2804)-Ding Liren (2734) chess.com INT 2025 ½-½ (76)}) 7... O-O 8. O-O Re8 $146 ({RR} 8... Be6 9. e4 Nc6 10. e5 Ng4 11. exd6 Qxd6 12. h3 Nxd4 13. Bxh7+ Kxh7 14. Qxd4 Nf6 15. Ng5+ Kg8 16. Bf4 Qc5 17. Qxc5 bxc5 18. Bxc7 d4 19. Nce4 Nd5 20. Bd6 Rfe8 21. Bxc5 Nf4 22. Nxe6 Rxe6 23. Ng3 {Hostasa,P (1544)-Kotsyba,O (1100) Tabor 2013 1-0 (43)}) ({RR} 8... c6 9. e4 dxe4 10. Nxe4 Nxe4 11. Bxe4 Bg4 12. Bxh7+ Kh8 13. Be4 f5 14. Bc2 Qc7 15. h3 Bh5 16. Re1 Na6 17. a3 f4 18. Qd3 g6 19. Nh4 Rf6 20. Qxa6 b5 21. Be4 Rc8 22. b4 Kg7 23. Bb2 {Bill,E-Zollna,K Griesheim 2003 1-0}) 9. Qc2 Ba6 10. Bxa6 Nxa6 11. a3 c5 12. dxc5 bxc5 13. Rd1 Nc7 14. b3 Qe7 15. Bb2 Rad8 16. b4 cxb4 17. axb4 Bxb4 18. Rxa7 Qc5 19. Rb7 Ne4 20. Rc1 Bxc3 21. Bxc3 Nxc3 22. Qxc3 Qxc3 23. Rxc3 Ne6 24. g3 d4 25. exd4 Nxd4 26. Kg2 Nxf3 27. Rxf3 Rf8 28. h4 h6 29. Rc3 Rc8 30. Rcb3 f6 31. R7b5 Rf7 32. h5 Kh7 33. g4 Re7 34. f3 Rd8 35. Kg3 Rc8 36. Ra5 Rce8 37. Rba3 Rf7 38. Kf4 Rfe7 39. R3a4 Rf7 40. Ra1 Rfe7 41. R1a3 Rf7 42. Kf5 Rfe7 43. f4 Rf7 44. Ra2 Rfe7 45. R2a4 Rf7 46. Ra6 Rfe7 47. R4a5 Rd7 48. Ra7 Rde7 49. Rxe7 Rxe7 50. Ra6 Rb7 51. Ra4 Rb5+ 52. Ke6 Rb6+ 53. Kd5 Rb5+ 54. Kc6 Rb2 55. Kd7 Rg2 56. f5 Re2 57. Kd6 Re5 58. Rb4 Re1 59. Ra4 Re5 60. Rb4 Re1 61. Ra4 Re5 1/2-1/2

[Event "FIDE World Cup"]
[Site "Khanty-Mansiysk"]
[Date "2009.11.23"]
[Round "1.11"]
[White "Tregubov, Pavel V"]
[Black "Akobian, Varuzhan"]
[Result "1-0"]
[WhiteElo "2642"]
[BlackElo "2624"]
[PlyCount "119"]
[EventDate "2009.11.21"]
[EventType "k.o."]
[EventRounds "7"]
[EventCountry "RUS"]
[SourceTitle "CBM 134"]
[Source "ChessBase"]
[SourceDate "2010.01.18"]
[SourceVersion "1"]
[SourceVersionDate "2010.01.18"]
[SourceQuality "1"]

1. d4 d5 2. c4 e6 3. Nf3 c5 4. e3 Nf6 5. cxd5 exd5 6. Bb5+ Bd7 7. Bxd7+ Nbxd7 8. O-O c4 ({RR} 8... Be7 9. dxc5 Nxc5 10. b3 O-O 11. Bb2 Nce4 12. Nd4 Rc8 13. Nd2 Nxd2 14. Qxd2 Ne4 15. Qe2 Bf6 16. Rac1 Qa5 17. Ra1 Rfe8 18. Rfd1 Nc3 19. Bxc3 Qxc3 20. Qd2 Bxd4 21. Qxd4 Qxd4 22. Rxd4 Red8) ({RR} 8... Be7 9. b3 Rc8 10. Bb2 c4 11. Nc3 a6 12. a4 Qb6 13. Ne5 Qxb3 14. Nxd7 Kxd7 15. Qd2 Bb4 16. Rfb1 Ne4 17. Qc1 Bxc3 18. f3 Bd2 19. Qf1 Qxe3+ {0-1 (19) Rekuc,P (2198)-Drygalov,S (2530) chess.com INT 2026}) 9. Nc3 ({RR} 9. a4 a6 10. a5 Bd6 11. b3 Rc8 12. bxc4 dxc4 13. Qa4 O-O 14. Ba3 b5 15. axb6 Nxb6 16. Qc2 Nbd5 17. Nc3 Nxc3 18. Qxc3 Rc6 19. Bxd6 Qxd6 20. Ne5 Rc7 21. Qa3 Qxa3 22. Rxa3 c3) ({RR} 9. a4 a6 10. a5 Bd6 11. b3 Rc8 12. bxc4 dxc4 13. Qa4 O-O 14. Ba3 b5 15. axb6 Nxb6 16. Qc2 Nbd5 17. Nc3 Nxc3 18. Qxc3 Rc6 19. Bxd6 Qxd6 20. Ne5 Rc7 21. Qa3 Qxa3 22. Rxa3 c3 23. Rc1 c2 {Carlsen,M (2837)-Ding,L (2774) Saint Louis 2017 ½-½ (50)}) 9... Bb4 10. Ne2 $146 ({RR} 10. a3 Bxc3 11. bxc3 Ne4 12. Qc2 O-O 13. Nd2 f5 14. f3 Nd6 15. a4 Re8 16. Ba3 Nf6 17. Rfe1 g6 18. Rab1 b6 19. Bxd6 Qxd6 20. e4 fxe4 21. fxe4 Ng4 22. e5 Qd7 23. Nf3 Nh6 24. Qd2 Nf5 {Cherny,O (1977)-Orozbaev,E (2367) Oskemen, East Kazakhstan Tech 2025 0-1 (61)}) 10... O-O 11. a3 Bd6 12. Nc3 a6 13. b3 b5 14. bxc4 bxc4 15. Qc2 Qe7 16. Re1 Rfe8 17. Bb2 Rab8 18. Nd2 Nb6 19. e4 Bf4 20. e5 Nfd7 21. a4 Qe6 22. Nf3 Nc8 23. Ba3 Na7 24. Rab1 Nc6 25. Bd6 Rxb1 26. Qxb1 Nd8 27. g3 Bh6 28. Kg2 g6 29. Qb4 Bf8 30. Bxf8 Rxf8 31. Qa5 Nc6 32. Qxd5 Rd8 33. Qe4 Nb6 34. h4 Nd5 35. Rc1 Na5 36. Ng5 Qd7 37. e6 fxe6 38. Nxe6 Re8 39. Qxd5 Qxd5+ 40. Nxd5 Rxe6 41. Ne3 Kf8 42. Kf3 Rd6 43. Ke4 Rf6 44. Nxc4 Nxc4 45. Rxc4 Rxf2 46. Rc8+ Ke7 47. Rc7+ Kf6 48. Rxh7 Ra2 49. g4 Rxa4 50. g5+ Ke6 51. Rg7 Ra1 52. Rxg6+ Kf7 53. Rf6+ Kg7 54. h5 a5 55. Ra6 a4 56. Ra7+ Kg8 57. Kf5 a3 58. Kg6 Kf8 59. h6 a2 60. h7 1-0

[Event "Titled Tue 1st Oct Late"]
[Site "chess.com INT"]
[Date "2024.10.01"]
[Round "6"]
[White "Ragger, M."]
[Black "Bluebaum, M."]
[Result "0-1"]
[WhiteElo "2601"]
[BlackElo "2640"]
[PlyCount "118"]
[EventDate "2024.10.01"]

1. d4 d5 2. c4 e6 3. Nf3 Nf6 4. g3 Nc6 5. Bg2 Bd6 6. O-O O-O 7. Qc2 dxc4 8. Qxc4 e5 9. dxe5 Nxe5 10. Nxe5 Bxe5 11. Qc2 ({RR} 11. Nc3 c6 12. Rd1 Qe7 13. Qh4 h6 14. Be3 Bf5 15. Bd4 Rad8 16. Bxa7 Kh7 17. Qc4 Be6 18. Qc5 Bd6 19. Qe3 Ng4 20. Qf3 Ne5 21. Qe4+ f5 22. Qc2 Kh8 23. Bb6 Rd7 24. b3 f4 25. Na4 fxg3 {Di Benedetto,G (2289)-Bluebaum,M (2698) chess.com INT 2026 0-1 (34)}) 11... c6 12. Nc3 $146 ({RR} 12. Rd1 Qe7 13. Nc3 Bg4 14. Be3 Rfe8 15. h3 Bh5 16. Bg5 h6 17. Bxf6 Bxf6 18. Ne4 Be5 19. Rd2 Rad8 20. Rad1 Rxd2 21. Qxd2 Bg6 22. g4 Bc7 23. Nc3 Bb6 24. e3 Bc7 25. Qd7 Qe5 26. Kf1 Rd8 {Karmanova,O (2316)-Baches Garcia,G (2322) chess.com INT 2025 0-1 (49)}) ({RR} 12. Nd2 Bg4 13. Nc4 Bc7 14. e4 Re8 15. b3 Bh5 16. Ba3 Qd7 17. Rfe1 Bg6 18. Rad1 Qe6 19. Nd6 Bxd6 20. Rxd6 Qe5 21. Qd2 Qh5 22. Bb2 Qc5 23. e5 Nd5 24. Rd7 Re7 25. e6 fxe6 26. Bxd5 Rxd7 {Bruzon Batista,L (2543)-Barrientos,S (2464) Guatemala City GUA 2026 ½-½ (37)}) 12... Qe7 13. Bd2 Be6 14. Rad1 Rfd8 15. Bf4 Bxf4 16. gxf4 Ng4 17. f5 Bd7 18. h3 Nf6 19. e4 g6 20. fxg6 hxg6 21. f4 Nh5 22. Qf2 Be6 23. b3 Nxf4 24. Qxf4 Qc5+ 25. Kh2 Qxc3 26. e5 Rxd1 27. Rxd1 Re8 28. Rd6 Bf5 29. e6 Bxe6 30. Be4 Qxh3+ 31. Kg1 Qg4+ 32. Qxg4 Bxg4 33. Bxg6 Re6 34. Rd8+ Kg7 35. Bd3 Re7 36. Ra8 a6 37. a4 Re3 38. Bc4 Be6 39. Rb8 Bxc4 40. bxc4 Re7 41. Kf2 Kf6 42. Rd8 Re4 43. Rd7 Rxc4 44. Rxb7 Rxa4 45. Rb6 Rc4 46. Rxa6 Ke5 47. Ke3 f5 48. Kd3 Rd4+ 49. Ke2 c5 50. Rc6 Rd5 51. Ke3 f4+ 52. Kf3 Kd4 53. Kxf4 c4 54. Kf3 Kd3 55. Rh6 c3 56. Rh3 c2 57. Kf4+ Kd2 58. Rh2+ Kc3 59. Rh3+ Rd3 0-1